| 000 | 00627nam a2200205 i 4500 | ||
|---|---|---|---|
| 001 | 69939 | ||
| 003 | ES-MaACL | ||
| 005 | 20230906170652.0 | ||
| 007 | t| | ||
| 008 | 040713s1982 sp ||||1| spa d | ||
| 100 | 1 |
_aGarcía Manzanedo, Victoriano. _954884 |
|
| 245 | 1 | 0 |
_aCarisma-ministerio en el Concilio Vaticano Segundo... / _cVictoriano García Manzanedo. |
| 260 |
_aMadrid : _bPS, _c1982. |
||
| 300 |
_a727 p. ; _c24 cm. |
||
| 490 | 1 | _aEstudios de ética teológica | |
| 502 | _aTesis doctoral. | ||
| 830 | 0 |
_aEstudios de ética teológica _9185600 |
|
| 852 |
_aES-MaACL _jL-1922 _bR.103236 |
||
| 999 |
_c69939 _d69939 |
||